Kręgowce - Nagła Śmierć - Statystyki

Ogólne statystyki
  • Ten quiz został rozwiązany 33 razy
  • Średni wynik to 15 z 20
Answers on the Grid
Answers color-coded by a green-red scale on the quiz's grid according to % correct below.
Chrząszcz
Delfin
Kameleon
Koliber
Krab
Krokodyl
Łabędź
Legwan
Lew
Meduza
Motyl
Mrówka
Niedźwiedź
Nietoperz
Orzeł
Ośmiornica
Paw
Pingwin
Rekin
Ropucha
Rozgwiazda
Salamandra
Skorpion
Ślimak
Słoń
Tarantula
Traszka
Wąż
Żaba
Żółw
 
Statystyki odpowiedzi
Odpowiedź % Poprawnych
Delfin
91%
Krokodyl
91%
Łabędź
86%
Kameleon
82%
Lew
82%
Niedźwiedź
82%
Orzeł
82%
Paw
82%
Pingwin
82%
Rekin
82%
Słoń
82%
Legwan
77%
Nietoperz
73%
Salamandra
73%
Koliber
68%
Ropucha
68%
Żaba
68%
Żółw
68%
Wąż
59%
Traszka
55%
Nie znaleziono quizów pasujących do podanych kryteriów
Rozkład punktacji
Procent ludzi z każdym wynikiem
Percentyl według liczby udzielonych odpowiedzi
Twoja historia wyników
Nie rozwiązałeś tego quizu